Od krízy k víťazstvu : Boh uzdravuje aj dnes /

Uložené v:
Podrobná bibliografia
Hlavný autor: Daly, Richard (Author)
Ďalší autori: Matisová, Dominika (Translator)
Médium: Kniha
Jazyk:Slovak
English
Vydané: Vrútky : Advent-Orion, s.r.o., 2019.
Témy:
ISBN: 9788080712150 (viaz.)
Fyzický popis: 135 strán : čiernobiele fotografie ; 21 cm.
Tagy: Pridať tag
Žiadne tagy, Buďte prvý kto otaguje tento záznam!

MARC

LEADER 00000nam a2200000 4500
001 000614005
005 20190529131023.0
008 190321s2019 xo o e 000 0 slo d
020 |a 9788080712150 (viaz.) 
040 |a SVKKK  |b slo  |c SVKKK  |e AACR2 
041 1 |a slo  |h eng 
044 |a xo  |c SK 
072 7 |a 27-5  |x Liturgia. Kresťanské umenie a symbolika. Duchovný život  |2 konspekt 
080 |a 616-08  |2 2011 
080 |a 2-1  |2 2011 
080 |a 27  |2 2011 
080 |a 27-584  |2 2011 
080 |a (0:82-32)  |2 2011 
100 1 |a Daly, Richard  |4 aut 
240 1 0 |a Tragedy to triumph, god still heals.  |l Slovensky 
245 1 0 |a Od krízy k víťazstvu :  |b Boh uzdravuje aj dnes /  |c Richard Daly ; [preklad Dominika Matisová]. 
260 |a Vrútky :  |b Advent-Orion, s.r.o.,  |c 2019. 
300 |a 135 strán :  |b čiernobiele fotografie ;  |c 21 cm. 
500 |a Preložené z angličtiny 
650 0 7 |a terapia  |x náboženské aspekty  |2 SVKKKPH 
650 0 7 |a kresťanstvo  |2 SVKKKPH 
650 0 7 |a duchovný život  |2 SVKKKPH 
650 0 7 |a therapy  |x religious aspects  |2 SVKKKPHeng 
650 0 7 |a Christianity  |2 SVKKKPHeng 
650 0 7 |a spiritual life  |2 SVKKKPHeng 
655 7 |a príbehy  |2 SVKKKPH 
655 7 |a stories  |2 SVKKKPHeng 
700 1 |a Matisová, Dominika  |4 trl 
910 |a svkkk 
919 |a 978-80-8071-215-0 
998 |a BK 
090 |g SCKHL  |k Sklad Hlavná 10 prízemie  |a III.245258  |j 1096539  |i 2720652872  |s Absenčne